000 00488nam a2200181Ia 4500
005 20240528063920.0
008 240331s9999 xx 000 0 und d
020 _a8120708075
082 _bRAH
_a338.9
100 _aRahman, Masihur
245 0 _aPolitical economy of income distribution in Sri Lanka
_cMasihur Rahman
250 _a1 st
260 _aNew Delhi
_bSterling Publishers Pvt Ltd
_c1988
300 _axii, 163 p .,
650 _aPolitical
650 _aEconomy
942 _cL
999 _c2769
_d2769